| 000 | 00498cam a2200181 4500 | ||
|---|---|---|---|
| 001 | D891 | ||
| 008 | 090401t1979 xxu||||| |||| 00| 0 eng d | ||
| 035 | _a(Sirsi) u48757 | ||
| 041 | _aeng | ||
| 050 | _a333.33 | ||
| 110 |
_aAllsop _93151 |
||
| 245 | 4 | _aThe Allsop property checklist: fifty-seven key questions designed to provide profitable insight into the property market | |
| 260 |
_aLondon _bAllsop and Co _c1979 |
||
| 300 | _a31p. 23cm | ||
| 350 | _a0 | ||
| 942 | _n0 | ||
| 948 | _c04/03/1997 | ||
| 999 |
_c92404 _d92404 |
||